000 00604nam a2200205Ia 4500
005 20250508164932.0
008 008 250505s9999 xx 000 0 hin d
020 _a978-81-89654-77-1
037 _aTextual
040 _aFEDL
_beng
_cFEDL
041 _ahin
_2eng
084 _a891.431, SID
_qFEDL
100 _aSiddhantakar Shiela
_9779528
245 0 _aParcham banen mahilaen : Shiela Siddhantakar ki chuni hui 152 kavitayen
260 _aPatna, India
_bNidhi Books
_c2009
300 _ax,158p.
365 _aINR
_b250
942 _cTEXL
_h891.431, SID
999 _c1392132
_d1392132